Online
Catalog

Jack the Ripper : (Record no. 1098)

MARC details
000 -CABECERA
campo de control de longitud fija 00733cam a2200205u 4500
001 - NÚMERO DE CONTROL
campo de control 000001144
005 - FECHA Y HORA DE LA ÚLTIMA TRANSACCIÓN
campo de control 20200929145504.0
008 - DATOS DE LONGITUD FIJA--INFORMACIÓN GENERAL
campo de control de longitud fija 820119b ec 000 0 spa
040 ## - FUENTE DE LA CATALOGACIÓN
Centro catalogador/agencia de origen DO-SdBNP
Lengua de catalogación spa
Centro/agencia transcriptor BNPHU
082 ## - NÚMERO DE LA CLASIFICACIÓN DECIMAL DEWEY
Número de clasificación E864.5
Número de documento/Ítem C198j
100 1# - ENTRADA PRINCIPAL--NOMBRE DE PERSONA
Nombre de persona Campos, José Antonio,
Fechas asociadas al nombre 1868-
9 (RLIN) 3908
245 10 - MENCIÓN DE TÍTULO
Título Jack the Ripper :
Resto del título cosas de mi tierra /
Mención de responsabilidad, etc. José Antonio Campos ; introducción Hernán de Rodríguez Castelo.
260 ## - PUBLICACIÓN, DISTRIBUCIÓN, ETC.
Lugar de publicación, distribución, etc. Guayaquil, Ecuador :
Nombre del editor, distribuidor, etc. Publicacione Educativas Ariel,
Fecha de publicación, distribución, etc. [195?.].
300 ## - DESCRIPCIÓN FÍSICA
Extensión 189 p. ;
Dimensiones 18 cm.
490 1# - MENCIÓN DE SERIE
Mención de serie Clásicos ariel ;
Designación de volumen o secuencia 19
650 #4 - PUNTO DE ACCESO ADICIONAL DE MATERIA--TÉRMINO DE MATERIA
Término de materia o nombre geográfico como elemento de entrada Ensayos ecuatorianos
9 (RLIN) 3909
650 #4 - PUNTO DE ACCESO ADICIONAL DE MATERIA--TÉRMINO DE MATERIA
Término de materia o nombre geográfico como elemento de entrada Literatura ecutoriana
9 (RLIN) 3910
700 1# - PUNTO DE ACCESO ADICIONAL--NOMBRE DE PERSONA
Nombre de persona Rodríguez Castelo, Hernán de
9 (RLIN) 3911
830 #0 - PUNTO DE ACCESO ADICIONAL DE SERIE-TÍTULO UNIFORME
Título uniforme Clásicos ariel
Número de parte o sección de la obra 19
9 (RLIN) 3912
Holdings
Estado de retiro Estado de pérdida Restricciones de uso No para préstamo Localización permanente Ubicación/localización actual Ubicación en estantería Fecha de adquisición Número de inventario Total de préstamos Signatura topográfica completa Código de barras Fecha visto por última vez Precio válido a partir de Tipo de ítem Koha
        General General Depósito 14.08.2009 LF1   E864.5 C198j 1144-10 25.06.2020 25.06.2020 Préstamo en sala

Powered by Koha